Military Planes - Statistics

General Stats
  • This quiz has been taken 387 times
  • The average score is 3 of 7
Answer Stats
Picture Answer % Correct
F-22 raptor
88%
spitfire
75%
p51 mustang
69%
F-15 eagle
58%
F-14 tomcat
9%
lockheed martin F-35
2%
Lockheed Blackbird
1%
No matching quizzes found
Score Distribution
Percent of People with Each Score
Percentile by Number Answered
Your Score History
You have not taken this quiz